000 00355nam a22001457a 4500
008 230912b ||||| |||| 00| 0 eng d
020 _a9780127819105
041 _aeng
080 _2SECOND EDITION
_a521
082 _a521ZUB
100 _a19
101 _aASTRO
245 _aORIGINS OF LIFE ON THE EARTH AND IN THE COSMOS
_cZUBAY .G
942 _2udc
_cBK
999 _c60344
_d60344